| 000 | 00522nam a2200217Ia 4500 | ||
|---|---|---|---|
| 005 | 20250425162425.0 | ||
| 008 | 250425s9999 xx 000 0 und d | ||
| 020 | _a8495818191 | ||
| 041 | _aspa | ||
| 082 | _a685.22 | ||
| 110 | _aEDICIONES DALY | ||
| 245 | 0 | _aTECNICAS Y DISEÑOS EXPOCUERO: VOLUMEN I | |
| 250 | _a1A ED. | ||
| 260 |
_aEspaña _bEDICIONES DALY _c1950 |
||
| 260 | _aMALAGA | ||
| 300 | _a80 | ||
| 650 | _aARTICULOS DE CUERO | ||
| 650 | _aMANUFACTURAS DE CUERO | ||
| 942 | _c01 | ||
| 010 | _a72670 | ||
| 999 |
_c228931 _d228931 |
||